000 00451nam a22001817a 4500
003 MPLRDC
005 20220104144148.0
008 210129b ||||| |||| 00| 0 eng d
082 _a868.71 CZM-2 c.2
100 _a陈钟铭主编
245 _a十五星图
_c
250 _a初版
260 _a马来西亚
_b陈钟铭
_c1994
300 _b179
490 _a星城文友散文合集. 2
650 _a马华文学
942 _cBK
_o868.71 CZM-2 c.2
999 _c46965
_d46955